<?xml version="1.0" encoding="UTF-8"?>
<marc:record xmlns:marc="http://www.loc.gov/MARC21/slim" type="Bibliographic">
   <marc:leader>00000pam a2200000 c 4500</marc:leader>
   <marc:controlfield tag="001">1078444617</marc:controlfield>
   <marc:controlfield tag="003">DE-101</marc:controlfield>
   <marc:controlfield tag="005">20171202141646.0</marc:controlfield>
   <marc:controlfield tag="007">tu</marc:controlfield>
   <marc:controlfield tag="008">151109s2015    gw ||||| |||| 00||||ger  </marc:controlfield>
   <marc:datafield ind1=" " ind2=" " tag="015">
      <marc:subfield code="a">16,A02</marc:subfield>
      <marc:subfield code="z">15,N47</marc:subfield>
      <marc:subfield code="2">dnb</marc:subfield>
   </marc:datafield>
   <marc:datafield ind1="7" ind2=" " tag="016">
      <marc:subfield code="2">DE-101</marc:subfield>
      <marc:subfield code="a">1078444617</marc:subfield>
   </marc:datafield>
   <marc:datafield ind1=" " ind2=" " tag="020">
      <marc:subfield code="a">9783874484558</marc:subfield>
      <marc:subfield code="c">Broschur : EUR 27.60 (AT), EUR 26.80 (DE)</marc:subfield>
      <marc:subfield code="9">978-3-87448-455-8</marc:subfield>
   </marc:datafield>
   <marc:datafield ind1=" " ind2=" " tag="020">
      <marc:subfield code="a">3874484556</marc:subfield>
      <marc:subfield code="9">3-87448-455-6</marc:subfield>
   </marc:datafield>
   <marc:datafield ind1="3" ind2=" " tag="024">
      <marc:subfield code="a">9783874484558</marc:subfield>
   </marc:datafield>
   <marc:datafield ind1=" " ind2=" " tag="035">
      <marc:subfield code="a">(DE-599)DNB1078444617</marc:subfield>
   </marc:datafield>
   <marc:datafield ind1=" " ind2=" " tag="035">
      <marc:subfield code="a">(OCoLC)929990442</marc:subfield>
   </marc:datafield>
   <marc:datafield ind1=" " ind2=" " tag="040">
      <marc:subfield code="a">1145</marc:subfield>
      <marc:subfield code="b">ger</marc:subfield>
      <marc:subfield code="c">DE-101</marc:subfield>
      <marc:subfield code="d">9999</marc:subfield>
      <marc:subfield code="e">rda</marc:subfield>
   </marc:datafield>
   <marc:datafield ind1=" " ind2=" " tag="041">
      <marc:subfield code="a">ger</marc:subfield>
   </marc:datafield>
   <marc:datafield ind1=" " ind2=" " tag="044">
      <marc:subfield code="c">XA-DE-NW</marc:subfield>
   </marc:datafield>
   <marc:datafield ind1="0" ind2="4" tag="082">
      <marc:subfield code="8">1\u</marc:subfield>
      <marc:subfield code="a">231.76</marc:subfield>
      <marc:subfield code="q">DE-101</marc:subfield>
      <marc:subfield code="2">22/ger</marc:subfield>
   </marc:datafield>
   <marc:datafield ind1="7" ind2=" " tag="083">
      <marc:subfield code="a">230</marc:subfield>
      <marc:subfield code="q">DE-101</marc:subfield>
      <marc:subfield code="2">23sdnb</marc:subfield>
   </marc:datafield>
   <marc:datafield ind1=" " ind2=" " tag="085">
      <marc:subfield code="8">1\u</marc:subfield>
      <marc:subfield code="b">231.76</marc:subfield>
   </marc:datafield>
   <marc:datafield ind1=" " ind2=" " tag="090">
      <marc:subfield code="a">b</marc:subfield>
   </marc:datafield>
   <marc:datafield ind1="0" ind2="0" tag="245">
      <marc:subfield code="a">Heilsgeschichte und Individuum - franziskanische Anfrage</marc:subfield>
      <marc:subfield code="b">Beiträge auf der Tagung des Johannes-Duns-Skotus-Akademie 22.-25. Oktober 2014 im Exerzitienhaus in Hofheim</marc:subfield>
      <marc:subfield code="c">Herbert Schneider OFM (Hrsg.)</marc:subfield>
   </marc:datafield>
   <marc:datafield ind1=" " ind2=" " tag="250">
      <marc:subfield code="a">[Neue Ausg.]</marc:subfield>
   </marc:datafield>
   <marc:datafield ind1=" " ind2=" " tag="259">
      <marc:subfield code="a">nea</marc:subfield>
   </marc:datafield>
   <marc:datafield ind1=" " ind2="1" tag="264">
      <marc:subfield code="a">Mönchengladbach</marc:subfield>
      <marc:subfield code="b">B. Kühlen Verlag</marc:subfield>
      <marc:subfield code="c">2015</marc:subfield>
   </marc:datafield>
   <marc:datafield ind1=" " ind2=" " tag="300">
      <marc:subfield code="a">XII, 228 Seiten</marc:subfield>
      <marc:subfield code="c">24 cm, 460 g</marc:subfield>
   </marc:datafield>
   <marc:datafield ind1=" " ind2=" " tag="336">
      <marc:subfield code="a">Text</marc:subfield>
      <marc:subfield code="b">txt</marc:subfield>
      <marc:subfield code="2">rdacontent</marc:subfield>
   </marc:datafield>
   <marc:datafield ind1=" " ind2=" " tag="337">
      <marc:subfield code="a">ohne Hilfsmittel zu benutzen</marc:subfield>
      <marc:subfield code="b">n</marc:subfield>
      <marc:subfield code="2">rdamedia</marc:subfield>
   </marc:datafield>
   <marc:datafield ind1=" " ind2=" " tag="338">
      <marc:subfield code="a">Band</marc:subfield>
      <marc:subfield code="b">nc</marc:subfield>
      <marc:subfield code="2">rdacarrier</marc:subfield>
   </marc:datafield>
   <marc:datafield ind1="1" ind2=" " tag="490">
      <marc:subfield code="a">Veröffentlichungen der Johannes-Duns-Skotus-Akademie für Franziskanische Geistesgeschichte und Spiritualität Mönchengladbach</marc:subfield>
      <marc:subfield code="v">Band 35</marc:subfield>
   </marc:datafield>
   <marc:datafield ind1="0" ind2="7" tag="600">
      <marc:subfield code="0">(DE-588)118534963</marc:subfield>
      <marc:subfield code="0">http://d-nb.info/gnd/118534963</marc:subfield>
      <marc:subfield code="0">(DE-101)118534963</marc:subfield>
      <marc:subfield code="a">Franz</marc:subfield>
      <marc:subfield code="c">von Assisi, Heiliger</marc:subfield>
      <marc:subfield code="d">1182-1226</marc:subfield>
      <marc:subfield code="2">gnd</marc:subfield>
   </marc:datafield>
   <marc:datafield ind1="1" ind2="7" tag="600">
      <marc:subfield code="0">(DE-588)118528165</marc:subfield>
      <marc:subfield code="0">http://d-nb.info/gnd/118528165</marc:subfield>
      <marc:subfield code="0">(DE-101)118528165</marc:subfield>
      <marc:subfield code="a">Duns Scotus, Johannes</marc:subfield>
      <marc:subfield code="d">1266-1308</marc:subfield>
      <marc:subfield code="2">gnd</marc:subfield>
   </marc:datafield>
   <marc:datafield ind1="2" ind2="7" tag="610">
      <marc:subfield code="0">(DE-588)1008636-5</marc:subfield>
      <marc:subfield code="0">http://d-nb.info/gnd/1008636-5</marc:subfield>
      <marc:subfield code="0">(DE-101)004047621</marc:subfield>
      <marc:subfield code="a">Franziskaner</marc:subfield>
      <marc:subfield code="2">gnd</marc:subfield>
   </marc:datafield>
   <marc:datafield ind1=" " ind2="7" tag="650">
      <marc:subfield code="0">(DE-588)4024084-8</marc:subfield>
      <marc:subfield code="0">http://d-nb.info/gnd/4024084-8</marc:subfield>
      <marc:subfield code="0">(DE-101)040240843</marc:subfield>
      <marc:subfield code="a">Heilsgeschichte</marc:subfield>
      <marc:subfield code="2">gnd</marc:subfield>
   </marc:datafield>
   <marc:datafield ind1=" " ind2="7" tag="650">
      <marc:subfield code="0">(DE-588)4026751-9</marc:subfield>
      <marc:subfield code="0">http://d-nb.info/gnd/4026751-9</marc:subfield>
      <marc:subfield code="0">(DE-101)040267512</marc:subfield>
      <marc:subfield code="a">Individuum</marc:subfield>
      <marc:subfield code="2">gnd</marc:subfield>
   </marc:datafield>
   <marc:datafield ind1=" " ind2="7" tag="650">
      <marc:subfield code="0">(DE-588)4030005-5</marc:subfield>
      <marc:subfield code="0">http://d-nb.info/gnd/4030005-5</marc:subfield>
      <marc:subfield code="0">(DE-101)040300056</marc:subfield>
      <marc:subfield code="a">Katholische Theologie</marc:subfield>
      <marc:subfield code="2">gnd</marc:subfield>
   </marc:datafield>
   <marc:datafield ind1=" " ind2="7" tag="650">
      <marc:subfield code="0">(DE-588)4024084-8</marc:subfield>
      <marc:subfield code="0">http://d-nb.info/gnd/4024084-8</marc:subfield>
      <marc:subfield code="0">(DE-101)040240843</marc:subfield>
      <marc:subfield code="a">Heilsgeschichte</marc:subfield>
      <marc:subfield code="2">gnd</marc:subfield>
   </marc:datafield>
   <marc:datafield ind1=" " ind2=" " tag="653">
      <marc:subfield code="a">(Produktform)Paperback / softback</marc:subfield>
   </marc:datafield>
   <marc:datafield ind1=" " ind2=" " tag="653">
      <marc:subfield code="a">Franziskanische Geistesgeschichte</marc:subfield>
   </marc:datafield>
   <marc:datafield ind1=" " ind2=" " tag="653">
      <marc:subfield code="a">Franziskanische Geisteswissenschaften</marc:subfield>
   </marc:datafield>
   <marc:datafield ind1=" " ind2=" " tag="653">
      <marc:subfield code="a">Franziskanische Spiritualität</marc:subfield>
   </marc:datafield>
   <marc:datafield ind1=" " ind2=" " tag="653">
      <marc:subfield code="a">Geistesgeschichte</marc:subfield>
   </marc:datafield>
   <marc:datafield ind1=" " ind2=" " tag="653">
      <marc:subfield code="a">Geisteswissenschaften</marc:subfield>
   </marc:datafield>
   <marc:datafield ind1=" " ind2=" " tag="653">
      <marc:subfield code="a">Johannes Duns Skotus</marc:subfield>
   </marc:datafield>
   <marc:datafield ind1=" " ind2=" " tag="653">
      <marc:subfield code="a">Johannes-Duns-Skotus-Akademie</marc:subfield>
   </marc:datafield>
   <marc:datafield ind1=" " ind2=" " tag="653">
      <marc:subfield code="a">P. Dr. Herbert Schneider OFM</marc:subfield>
   </marc:datafield>
   <marc:datafield ind1=" " ind2=" " tag="653">
      <marc:subfield code="a">Religion</marc:subfield>
   </marc:datafield>
   <marc:datafield ind1=" " ind2=" " tag="653">
      <marc:subfield code="a">Religionswissenschaften</marc:subfield>
   </marc:datafield>
   <marc:datafield ind1=" " ind2=" " tag="653">
      <marc:subfield code="a">Schneider OFM, Dr. Herbert</marc:subfield>
   </marc:datafield>
   <marc:datafield ind1=" " ind2=" " tag="653">
      <marc:subfield code="a">Spiritualität</marc:subfield>
   </marc:datafield>
   <marc:datafield ind1=" " ind2=" " tag="653">
      <marc:subfield code="a">(VLB-WN)1541: Hardcover, Softcover / Religion, Theologie/Allgemeines, Lexika</marc:subfield>
   </marc:datafield>
   <marc:datafield ind1=" " ind2="7" tag="655">
      <marc:subfield code="0">(DE-588)1071861417</marc:subfield>
      <marc:subfield code="0">http://d-nb.info/gnd/1071861417</marc:subfield>
      <marc:subfield code="0">(DE-101)1071861417</marc:subfield>
      <marc:subfield code="a">Konferenzschrift</marc:subfield>
      <marc:subfield code="y">2014</marc:subfield>
      <marc:subfield code="z">Mönchengladbach</marc:subfield>
      <marc:subfield code="2">gnd-content</marc:subfield>
   </marc:datafield>
   <marc:datafield ind1="0" ind2="0" tag="689">
      <marc:subfield code="0">(DE-588)4024084-8</marc:subfield>
      <marc:subfield code="0">http://d-nb.info/gnd/4024084-8</marc:subfield>
      <marc:subfield code="0">(DE-101)040240843</marc:subfield>
      <marc:subfield code="D">s</marc:subfield>
      <marc:subfield code="a">Heilsgeschichte</marc:subfield>
   </marc:datafield>
   <marc:datafield ind1="0" ind2="1" tag="689">
      <marc:subfield code="0">(DE-588)4026751-9</marc:subfield>
      <marc:subfield code="0">http://d-nb.info/gnd/4026751-9</marc:subfield>
      <marc:subfield code="0">(DE-101)040267512</marc:subfield>
      <marc:subfield code="D">s</marc:subfield>
      <marc:subfield code="a">Individuum</marc:subfield>
   </marc:datafield>
   <marc:datafield ind1="0" ind2="2" tag="689">
      <marc:subfield code="0">(DE-588)4030005-5</marc:subfield>
      <marc:subfield code="0">http://d-nb.info/gnd/4030005-5</marc:subfield>
      <marc:subfield code="0">(DE-101)040300056</marc:subfield>
      <marc:subfield code="D">s</marc:subfield>
      <marc:subfield code="a">Katholische Theologie</marc:subfield>
   </marc:datafield>
   <marc:datafield ind1="0" ind2=" " tag="689">
      <marc:subfield code="5">DE-101</marc:subfield>
      <marc:subfield code="5">DE-101</marc:subfield>
   </marc:datafield>
   <marc:datafield ind1="1" ind2="0" tag="689">
      <marc:subfield code="0">(DE-588)118534963</marc:subfield>
      <marc:subfield code="0">http://d-nb.info/gnd/118534963</marc:subfield>
      <marc:subfield code="0">(DE-101)118534963</marc:subfield>
      <marc:subfield code="D">p</marc:subfield>
      <marc:subfield code="a">Franz</marc:subfield>
      <marc:subfield code="c">von Assisi, Heiliger</marc:subfield>
      <marc:subfield code="d">1182-1226</marc:subfield>
   </marc:datafield>
   <marc:datafield ind1="1" ind2="1" tag="689">
      <marc:subfield code="0">(DE-588)118528165</marc:subfield>
      <marc:subfield code="0">http://d-nb.info/gnd/118528165</marc:subfield>
      <marc:subfield code="0">(DE-101)118528165</marc:subfield>
      <marc:subfield code="D">p</marc:subfield>
      <marc:subfield code="a">Duns Scotus, Johannes</marc:subfield>
      <marc:subfield code="d">1266-1308</marc:subfield>
   </marc:datafield>
   <marc:datafield ind1="1" ind2="2" tag="689">
      <marc:subfield code="0">(DE-588)1008636-5</marc:subfield>
      <marc:subfield code="0">http://d-nb.info/gnd/1008636-5</marc:subfield>
      <marc:subfield code="0">(DE-101)004047621</marc:subfield>
      <marc:subfield code="D">b</marc:subfield>
      <marc:subfield code="a">Franziskaner</marc:subfield>
   </marc:datafield>
   <marc:datafield ind1="1" ind2="3" tag="689">
      <marc:subfield code="0">(DE-588)4024084-8</marc:subfield>
      <marc:subfield code="0">http://d-nb.info/gnd/4024084-8</marc:subfield>
      <marc:subfield code="0">(DE-101)040240843</marc:subfield>
      <marc:subfield code="D">s</marc:subfield>
      <marc:subfield code="a">Heilsgeschichte</marc:subfield>
   </marc:datafield>
   <marc:datafield ind1="1" ind2=" " tag="689">
      <marc:subfield code="5">DE-101</marc:subfield>
      <marc:subfield code="5">DE-101</marc:subfield>
   </marc:datafield>
   <marc:datafield ind1="1" ind2=" " tag="700">
      <marc:subfield code="0">(DE-588)120337207</marc:subfield>
      <marc:subfield code="0">http://d-nb.info/gnd/120337207</marc:subfield>
      <marc:subfield code="0">(DE-101)120337207</marc:subfield>
      <marc:subfield code="a">Schneider, Herbert</marc:subfield>
      <marc:subfield code="d">1938-</marc:subfield>
      <marc:subfield code="e">Herausgeber</marc:subfield>
      <marc:subfield code="4">edt</marc:subfield>
   </marc:datafield>
   <marc:datafield ind1="1" ind2=" " tag="700">
      <marc:subfield code="0">(DE-588)108086038X</marc:subfield>
      <marc:subfield code="0">http://d-nb.info/gnd/108086038X</marc:subfield>
      <marc:subfield code="0">(DE-101)108086038X</marc:subfield>
      <marc:subfield code="a">Alfieri OFM, Francesco</marc:subfield>
      <marc:subfield code="e">Mitwirkender</marc:subfield>
      <marc:subfield code="4">ctb</marc:subfield>
   </marc:datafield>
   <marc:datafield ind1="1" ind2=" " tag="700">
      <marc:subfield code="0">(DE-588)1080860398</marc:subfield>
      <marc:subfield code="0">http://d-nb.info/gnd/1080860398</marc:subfield>
      <marc:subfield code="0">(DE-101)1080860398</marc:subfield>
      <marc:subfield code="a">Bohl OFM, P. Cornelius</marc:subfield>
      <marc:subfield code="e">Mitwirkender</marc:subfield>
      <marc:subfield code="4">ctb</marc:subfield>
   </marc:datafield>
   <marc:datafield ind1="1" ind2=" " tag="700">
      <marc:subfield code="0">(DE-588)1080860401</marc:subfield>
      <marc:subfield code="0">http://d-nb.info/gnd/1080860401</marc:subfield>
      <marc:subfield code="0">(DE-101)1080860401</marc:subfield>
      <marc:subfield code="a">Freyer OFM, Johannes-Baptist</marc:subfield>
      <marc:subfield code="e">Mitwirkender</marc:subfield>
      <marc:subfield code="4">ctb</marc:subfield>
   </marc:datafield>
   <marc:datafield ind1="1" ind2=" " tag="700">
      <marc:subfield code="0">(DE-588)175546991</marc:subfield>
      <marc:subfield code="0">http://d-nb.info/gnd/175546991</marc:subfield>
      <marc:subfield code="0">(DE-101)175546991</marc:subfield>
      <marc:subfield code="a">Förschner, Franz</marc:subfield>
      <marc:subfield code="e">Mitwirkender</marc:subfield>
      <marc:subfield code="4">ctb</marc:subfield>
   </marc:datafield>
   <marc:datafield ind1="1" ind2=" " tag="700">
      <marc:subfield code="0">(DE-588)108086041X</marc:subfield>
      <marc:subfield code="0">http://d-nb.info/gnd/108086041X</marc:subfield>
      <marc:subfield code="0">(DE-101)108086041X</marc:subfield>
      <marc:subfield code="a">Gruber OSF, Margareta</marc:subfield>
      <marc:subfield code="e">Mitwirkender</marc:subfield>
      <marc:subfield code="4">ctb</marc:subfield>
   </marc:datafield>
   <marc:datafield ind1="1" ind2=" " tag="700">
      <marc:subfield code="0">(DE-588)186194617</marc:subfield>
      <marc:subfield code="0">http://d-nb.info/gnd/186194617</marc:subfield>
      <marc:subfield code="0">(DE-101)186194617</marc:subfield>
      <marc:subfield code="a">Hoeres, Walter</marc:subfield>
      <marc:subfield code="e">Mitwirkender</marc:subfield>
      <marc:subfield code="4">ctb</marc:subfield>
   </marc:datafield>
   <marc:datafield ind1="1" ind2=" " tag="700">
      <marc:subfield code="0">(DE-588)1080860428</marc:subfield>
      <marc:subfield code="0">http://d-nb.info/gnd/1080860428</marc:subfield>
      <marc:subfield code="0">(DE-101)1080860428</marc:subfield>
      <marc:subfield code="a">Schlageter OFM, Johannes Karl</marc:subfield>
      <marc:subfield code="e">Mitwirkender</marc:subfield>
      <marc:subfield code="4">ctb</marc:subfield>
   </marc:datafield>
   <marc:datafield ind1="1" ind2=" " tag="700">
      <marc:subfield code="0">(DE-588)1080860436</marc:subfield>
      <marc:subfield code="0">http://d-nb.info/gnd/1080860436</marc:subfield>
      <marc:subfield code="0">(DE-101)1080860436</marc:subfield>
      <marc:subfield code="a">Schlegel OFM, Helmut</marc:subfield>
      <marc:subfield code="e">Mitwirkender</marc:subfield>
      <marc:subfield code="4">ctb</marc:subfield>
   </marc:datafield>
   <marc:datafield ind1="1" ind2=" " tag="700">
      <marc:subfield code="0">(DE-588)1080860444</marc:subfield>
      <marc:subfield code="0">http://d-nb.info/gnd/1080860444</marc:subfield>
      <marc:subfield code="0">(DE-101)1080860444</marc:subfield>
      <marc:subfield code="a">Schmucki OFM, Albert</marc:subfield>
      <marc:subfield code="e">Mitwirkender</marc:subfield>
      <marc:subfield code="4">ctb</marc:subfield>
   </marc:datafield>
   <marc:datafield ind1="1" ind2=" " tag="700">
      <marc:subfield code="0">(DE-588)177888814</marc:subfield>
      <marc:subfield code="0">http://d-nb.info/gnd/177888814</marc:subfield>
      <marc:subfield code="0">(DE-101)177888814</marc:subfield>
      <marc:subfield code="a">VOS, ANTOON</marc:subfield>
      <marc:subfield code="e">Mitwirkender</marc:subfield>
      <marc:subfield code="4">ctb</marc:subfield>
   </marc:datafield>
   <marc:datafield ind1="1" ind2=" " tag="700">
      <marc:subfield code="0">(DE-588)1080860452</marc:subfield>
      <marc:subfield code="0">http://d-nb.info/gnd/1080860452</marc:subfield>
      <marc:subfield code="0">(DE-101)1080860452</marc:subfield>
      <marc:subfield code="a">Zahner OFM, Paul</marc:subfield>
      <marc:subfield code="e">Mitwirkender</marc:subfield>
      <marc:subfield code="4">ctb</marc:subfield>
   </marc:datafield>
   <marc:datafield ind1="2" ind2=" " tag="710">
      <marc:subfield code="0">(DE-588)16278306-1</marc:subfield>
      <marc:subfield code="0">http://d-nb.info/gnd/16278306-1</marc:subfield>
      <marc:subfield code="0">(DE-101)055977588</marc:subfield>
      <marc:subfield code="a">B. Kühlen Verlag</marc:subfield>
      <marc:subfield code="e">Verlag</marc:subfield>
      <marc:subfield code="4">pbl</marc:subfield>
   </marc:datafield>
   <marc:datafield ind1="2" ind2=" " tag="810">
      <marc:subfield code="a">Johannes-Duns-Skotus-Akademie für Franziskanische Geistesgeschichte und Spiritualität</marc:subfield>
      <marc:subfield code="4">aut</marc:subfield>
      <marc:subfield code="t">Veröffentlichungen der Johannes-Duns-Skotus-Akademie für Franziskanische Geistesgeschichte und Spiritualität Mönchengladbach</marc:subfield>
      <marc:subfield code="v">Band 35</marc:subfield>
      <marc:subfield code="w">(DE-101)02090343X</marc:subfield>
      <marc:subfield code="w">(DE-600)2027435-X</marc:subfield>
      <marc:subfield code="9">235</marc:subfield>
      <marc:subfield code="7">as</marc:subfield>
   </marc:datafield>
   <marc:datafield ind1=" " ind2=" " tag="850">
      <marc:subfield code="a">DE-101a</marc:subfield>
      <marc:subfield code="a">DE-101b</marc:subfield>
   </marc:datafield>
   <marc:datafield ind1="4" ind2="2" tag="856">
      <marc:subfield code="m">B:DE-101</marc:subfield>
      <marc:subfield code="q">application/pdf</marc:subfield>
      <marc:subfield code="u">http://d-nb.info/1078444617/04</marc:subfield>
      <marc:subfield code="3">Inhaltsverzeichnis</marc:subfield>
   </marc:datafield>
   <marc:datafield ind1="r" ind2=" " tag="925">
      <marc:subfield code="a">ra</marc:subfield>
   </marc:datafield>
</marc:record>
